Determinatio est negatio: Zu Möglichkeit und Unverzichtbarkeit negativer Freiheit

Saved in:  
Bibliographic Details
Main Author: Steinmann, Michael 1964- (Author)
Format: Print Article
Language:German
Check availability: HBZ Gateway
Interlibrary Loan:Interlibrary Loan for the Fachinformationsdienste (Specialized Information Services in Germany)
Published: 2011
In: Gegenständlichkeit und Objektivität
Year: 2011, Pages: 116-138

MARC

LEADER 00000naa a22000002c 4500
001 1913351106
003 DE-627
005 20250101034257.0
007 tu
008 250101s2011 xx ||||| 00| ||ger c
020 |a 9783161509223 
035 |a (DE-627)1913351106 
035 |a (DE-599)KXP1913351106 
040 |a DE-627  |b ger  |c DE-627  |e rda 
041 |a ger 
084 |a 1  |2 ssgn 
100 1 |e VerfasserIn  |0 (DE-588)133352668  |0 (DE-627)543654877  |0 (DE-576)287654540  |4 aut  |a Steinmann, Michael  |d 1964- 
109 |a Steinmann, Michael 1964-  |a Steinmann, M. 1964- 
245 1 0 |a Determinatio est negatio  |b Zu Möglichkeit und Unverzichtbarkeit negativer Freiheit 
264 1 |c 2011 
336 |a Text  |b txt  |2 rdacontent 
337 |a ohne Hilfsmittel zu benutzen  |b n  |2 rdamedia 
338 |a Band  |b nc  |2 rdacarrier 
601 |a Möglichkeit 
601 |a Unverzichtbarkeit 
601 |a Freiheit 
773 0 8 |i Enthalten in  |t Gegenständlichkeit und Objektivität  |d Tübingen : Mohr Siebeck, 2011  |g (2011), Seite 116-138  |h XI, 283 S.  |w (DE-627)662192672  |w (DE-576)346980313  |z 3161509226  |z 9783161509223  |7 nnam 
773 1 8 |g year:2011  |g pages:116-138 
935 |a mteo 
951 |a AR 
ELC |b 1 
ITA |a 1  |t 1 
LOK |0 000 xxxxxcx a22 zn 4500 
LOK |0 001 4644226742 
LOK |0 003 DE-627 
LOK |0 004 1913351106 
LOK |0 005 20250101032907 
LOK |0 008 250101||||||||||||||||ger||||||| 
LOK |0 035   |a (DE-Tue135)662192672_2011_116 
LOK |0 040   |a DE-Tue135  |c DE-627  |d DE-Tue135 
LOK |0 092   |o n 
LOK |0 852   |a DE-Tue135 
LOK |0 852 1  |9 00 
LOK |0 935   |a imwa  |a ixau  |a ixrk 
LOK |0 939   |a 01-01-25  |b l01 
ORI |a SA-MARC-ixtheoa001.raw